000 00560nam a2200229Ia 4500
005 20250425162428.0
008 250425s9999 xx 000 0 und d
020 _a848818932X
041 _aspa
082 _a621.372
100 _aMARTINEZ NIETO, ANTONIO
245 0 _aCODIGO DE LA ENERGIA: LEGISLACION COMENTADA
250 _a1A ED.
260 _aEspaƱa
_bECOIURIS
_c2006
260 _aMADRID
300 _a985
650 _aMERCADO ELECTRICO
650 _aNORMAS ELECTRICAS
650 _aTARIFAS ELECTRICAS
942 _c01
010 _a73027
999 _c229017
_d229017